Matemática 8: octavo año de educación básica

Salvato in:
Dettagli Bibliografici
Autore principale: Rauld V., Isabel (Autore)
Natura: Libro
Lingua:spagnolo
Pubblicazione: Santiago Arrayán 1998
Soggetti:
Tags: Aggiungi Tag
Nessun Tag, puoi essere il primo ad aggiungerne!!

MARC

LEADER 00000nam a2200000 a 4500
001 UCQ4685
003 CL-VaPUC
008 980910e19980000CL |||||||||||||||||spa|d
082 0 4 |a 372.7  |b RAU  |2 21 
100 0 |a Rauld V., Isabel  |e author  |9 418899 
245 1 0 |a Matemática 8: octavo año de educación básica 
300 |a 222 p 
942 |c BK 
945 |d 19980910 00:00:00  |a mvenant 
260 |a Santiago  |b Arrayán  |c 1998 
500 |a Acompaña Libro de Ejercicios 
650 0 |a Educación básica   |9 224933 
650 0 |a Libros de texto  |9 270019 
650 0 |a Matemáticas  |x Enseñanza  |9 875527 
583 |a last modification  |c 20150107 01:15:15  |k Rodrigo Vera 
999 |c 274997  |d 274995 
952 |0 0  |1 0  |4 0  |6 372_700000000000000_RAU_1998  |7 0  |8 P  |9 311485  |a BIBEDU  |b BIBEDU  |c BIBEDU_PB  |d 2019-11-20  |i 3460134  |o 372.7 RAU 1998  |p 3460134  |r 2024-01-25  |w 2019-11-20  |y BK  |k EPE 
952 |0 0  |1 0  |4 0  |6 372_700000000000000_RAU_1998  |7 0  |8 P  |9 311486  |a BIBEDU  |b BIBEDU  |d 2019-11-20  |i 3460142  |o 372.7 RAU 1998  |p 3460142  |r 2019-11-20  |w 2019-11-20  |y BK  |k EPE 
952 |0 0  |1 0  |4 0  |6 372_700000000000000_RAU_1998  |7 0  |8 P  |9 311487  |a BIBEDU  |b BIBEDU  |c BIBEDU_PB  |d 2019-11-20  |i 3460150  |o 372.7 RAU 1998  |p 3460150  |r 2024-01-25  |w 2019-11-20  |y BK  |k EPE